000 00761nam a22002057a 4500
005 20091005154619.0
008 091005t xxu||||| |||| 00| 0 eng d
010 _aENG- 95075
020 _a9789380060088
_c75.00
035 _aEN-78608
037 _bDBAD/PUB
082 _a658.1
100 _aMaheswari, P.
245 _aOrganisational behaviour /
_cby P. Maheswari
260 _aSalem
_bM.S.K. Publications
_c2009
270 _a3/189E, Athanoor Amman Kovil Street, Masinayaganpatti
_bSalem
_e636103
300 _a176p.
_c19cm.(pbk)
942 _2ddc
_cEN
_mMAH
_h658.1
999 _c30795
_d30795